Представление документа в формате RUSMARC

ПолеНазваниеЗначение
  Тип записи c
  Библиографический уровень m
001 Контрольный номер RU/УОНБ/EK_N/322858603
005 Дата корректировки 20250622143159.6
010 Индекс ISBN __
9 Тираж 310 экз.
013 Номер (ISMN) __
d Цена 2р. 50 к.
071 Издательские номер (звукозапись и ноты) 21
a Номер, присвоенный агентством 9399
100 Данные общей обработки __
a Данные общей обработки 20170212d1991 u y0rusy0103||||ba
101 Язык документа 0_
a Язык текста rus
f Язык титульного листа rus
f Язык титульного листа eng
102 Страна публикации __
a Страна публикации RU
125 Кодированные данные звукозаписи и нотных изданий __
a Форма изложения нотного текста с|
128 Кодированные данные (звукозаписи-физические характеристики) __
a Кодированные данные: Музыкальная форма и тональность или лад zz
c Инструменты или голоса, рекомендуемые для солистов (устаревшее) vu||
200 Заглавие и сведения об ответственности 1_
a Заглавие Камерные произведения
d Параллельное заглавие Chamber Works
e Сведения, относящиеся к заглавию [для голоса в сопровожд. фп.]
f Первые сведения об ответственности И. Жванецкая
z Язык параллельного заглавия eng
210 Выходные данные 1_
a Место издания Москва
c Издательство Советский композитор
d Дата издания 1991
215 Физическое описание __
a Объем 103 с.
d Формат 29 см
300 Общие примечания __
a Общие примечания Тит. л. на рус. и англ. яз.
327 Примечание о содержании 11
a Примечание о содержании Содерж. : Любовь (Лирика древнего Востока) : для голоса и фп. : Любовная песня ; Дикий гусь сидит / пер. В. Потаповой ; К утреннему солнцу ; Вечная любовь ; О, прекрасный день / пер. А. Ахматовой. - Романсы на стихи А. Исаакяна : Сверкают звезды... / пер. Н. Павлович ; В разливе солнечных лучей ; Быстролетный и черный орел... ; Ночь, мороз... / пер. А. Блока. - Пять песен на стихи советских поэтов : Двадцатый век / стихи Р. Гамзатова ; Живым поверка ; Посредине столицы / стихи С. Орлова ; Запоминай... / стихи В. Жилина ; Мне странно знать... / стихи В. Солоухина ; Пять пятистиший : для тенора, флейты и фп. : Запела флейта ; Не знаю, отчего ; А где-то спорят люди... ; Я взошел на вершину горы ; Словно когда-то... / стихи И. Закубоку ; пер. В. Марковой. - Солнце : четыре романса на стихи сов. поэтов : для сопрано, скрипки и фп. : На одинокое окно / стихи С. Иващенко ; Колыбельная вполголоса / стихи Д. Самойлова ; Солнце / стихи В. Солоухина ; Уходим / стихи О. Чухонцева ; Четыре стихотворения А. Вознесенского : для голоса, трубы и в-чели : Гала Шагала ; Поглядеть, как несметно ; Открытка ; Мать.
464 Аналитический уровень _0
1 2001
a Любовная песня
e Любовь твоя - птицы любовь...
e из цикла "Любовь" (Лирика древнего Востока)
e для голоса и фп.
1 702 1
a Потапова
b В.
4 730
1 50010
a Любовь
464 Аналитический уровень _0
1 2001
a Сверкают звезды...
e Сверкают звезды...
e романс
1 702 1
a Исаакян
b А.
4 520
1 702 1
a Павлович
b Н.
4 730
464 Аналитический уровень _0
1 2001
a Двадцатый век
e Двадцатый век сурово хмурит брови...
1 702 1
a Гамзатов
b Р.
4 520
464 Аналитический уровень _0
1 2001
a На одинокое окно
e На одинокое окно...
e из цикла "Солнце"
e романс
e для сопрано, скрипки и фп.
1 702 1
a Иващенко
b С.
4 520
1 50010
a Солнце
464 Аналитический уровень _0
1 2001
a Дикий гусь сидит
e Дикий гусь сидит...
e из цикла "Любовь" (Лирика древнего Востока)
e для голоса и фп.
1 702 1
a Потапова
b В.
4 730
1 50010
a Любовь
464 Аналитический уровень _0
1 2001
a К утреннему солнцу
e Золотая появляется на судне Солнца...
e из цикла "Любовь" (Лирика древнего Востока)
e для голоса и фп.
1 702 1
a Ахматова
b А.
4 730
1 50010
a Любовь
464 Аналитический уровень _0
1 2001
a Вечная любовь
e Мы будем с тобою вместе...
e из цикла "Любовь" (Лирика древнего Востока)
e для голоса и фп.
1 702 1
a Ахматова
b А.
4 730
1 50010
a Любовь
464 Аналитический уровень _0
1 2001
a О, прекрасный день
e О, прекрасный день...
e из цикла "Любовь" (Лирика древнего Востока)
e для голоса и фп.
1 702 1
a Ахматова
b А.
4 730
1 50010
a Любовь
464 Аналитический уровень _0
1 2001
a В разливе солнечных лучей...
e В разливе солнечных лучей...
e романс
1 702 1
a Исаакян
b А.
4 520
1 702 1
a Блок
b А.
4 730
464 Аналитический уровень _0
1 2001
a Быстролетный и черный орел...
e Быстролетный и черный орел...
e романс
1 702 1
a Исаакян
b А.
4 520
1 702 1
a Блок
b А.
4 730
464 Аналитический уровень _0
1 2001
a Ночь, мороз...
e Ночь, мороз...
e романс
1 702 1
a Исаакян
b А.
4 520
1 702 1
a Блок
b А.
4 730
464 Аналитический уровень _0
1 2001
a Живым поверка
e Живым поверка...
1 702 1
a Орлов
b С.
4 520
464 Аналитический уровень _0
1 2001
a Посредине столицы
e Живет посредине столицы...
1 702 1
a Орлов
b С.
4 520
464 Аналитический уровень _0
1 2001
a Запоминай...
e Запоминай места...
1 702 1
a Жилин
b С.
4 520
464 Аналитический уровень _0
1 2001
a Мне странно знать...
e Мне странно знать...
1 702 1
a Солоухин
b В.
4 520
464 Аналитический уровень _0
1 2001
a Запела флейта
e Запела флейта...
e из цикла "Пять пятистиший"
e для тенора, флейты и фп.
1 702 1
a Такубоку
b И.
4 520
1 702 1
a Маркова
b В.
4 730
1 50010
a Пять пятистиший
464 Аналитический уровень _0
1 2001
a Не знаю, отчего
e Не знаю, отчего...
e из цикла "Пять пятистиший"
e для тенора, флейты и фп.
1 702 1
a Такубоку
b И.
4 520
1 702 1
a Маркова
b В.
4 730
1 50010
a Пять пятистиший
464 Аналитический уровень _0
1 2001
a А где-то спорят люди
e А где-то спорят люди...
e из цикла "Пять пятистиший"
e для тенора, флейты и фп.
1 702 1
a Такубоку
b И.
4 520
1 702 1
a Маркова
b В.
4 730
1 50010
a Пять пятистиший
464 Аналитический уровень _0
1 2001
a Я взошел на вершину горы
e Я взошел на вершину горы...
e из цикла "Пять пятистиший"
e для тенора, флейты и фп.
1 702 1
a Такубоку
b И.
4 520
464 Аналитический уровень _0
1 2001
a Словно когда-то...
e Словно когда-то...
e из цикла "Пять пятистиший"
e для тенора, флейты и фп.
1 702 1
a Такубоку
b И.
4 520
1 702 1
a Маркова
b В.
4 730
1 50010
a Пять пятистишей
464 Аналитический уровень _0
1 2001
a Колыбельная вполголоса
e Ну вот, сыночек...
e из цикла "Солнце"
e романс
e для сопрано, скрипки и фп.
1 702 1
a Самойлов
b Д.
4 520
1 50010
a Солнце
464 Аналитический уровень _0
1 2001
a Солнце
e Солнце разлито поровну...
e из цикла "Солнце"
e романс
e для сопрано, скрипки и фп.
1 702 1
a Солоухин
b В.
4 520
1 50010
a Солнце
464 Аналитический уровень _0
1 2001
a Уходим
e Уходим - разно или розно...
e из цикла "Солнце"
e романс
e для сопрано, скрипки и фп.
1 702 1
a Чухонцев
b О.
4 520
1 50010
a Солнце
464 Аналитический уровень _0
1 2001
a Гала Шагал
e Если сердце не обманет...
e из цикла "Четыре стихотворения А. Вознесенского"
e для голоса, трубы и в-чели
1 702 1
a Вознесенский
b А.
4 520
1 50010
a Четыре стихотворения А. Вознесенского
464 Аналитический уровень _0
1 2001
a Поглядеть, как несметно
e Поглядеть, как несметно...
e из цикла "Четыре стихотворения А. Вознесенского"
e для голоса, трубы и в-чели
1 702 1
a Вознесенский
b А.
4 520
1 50010
a Четыре стихотворения А. Вознесенского
464 Аналитический уровень _0
1 2001
a Открытка
e Что тебе привезти из Парижу...
e из цикла "Четыре стихотворения А. Вознесенского"
e для голоса, трубы и в-чели
1 702 1
a Вознесенский
b А.
4 520
1 50010
a Четыре стихотворения А. Вознесенского
464 Аналитический уровень _0
1 2001
a Мать
e О храни, Провидение...
e из цикла "Четыре стихотворения А. Вознесенского"
e для голоса, трубы и в-чели
1 702 1
a Вознесенский
b А.
4 520
1 50010
a Четыре стихотворения А. Вознесенского
512 Заглавие обложки 1_
a Заглавие обложки Камерные произведения
600 Персоналии _1
a Персоналии (Фамилия) Жванецкая, Инна Абрамовна
606 Тематические рубрики 0_
a Основная рубрика Камерные произведения вокальные
610 Ключевые слова 0_
a Ключевые слова камерные вокальные произведения
610 Ключевые слова 0_
a Ключевые слова Жванецкая И. А.
686 Индексы других классификаций __
a Классификационный индекс 85.943.4-42(2)я44
2 Код системы rubbk
700 Автор _1
a Фамилия Жванецкая
b Имя (инициалы) И. А.
g Полное личное имя Инна Абрамовна
702 Вторичная интеллектуальная ответственность _1
a Фамилия Иглицкая
b Имя (инициалы) И.
4 Код отношения 080
801 Источник записи _0
a Страна RU
b Организация Ульяновская ОНБ
c Дата составления 20170212
g Правила каталогизации RCR
801 Источник записи _1
a Страна RU
b Организация Ульяновская ОНБ
c Дата составления 20170212
901 Тип документа __
t Тип документа m
909 Создатель записи __
a Создатель записи Лобина Л. И.
910 Корректоры записи __
a Корректор записи Илямакова
938 Служебная информация __
a Имя БД noti
b Имя библиотеки УОНБ
c Имя АИБС МАРК-SQL
d Номер DOC_ID в БД 325